00736nam a2200193 a 450000100100000000500170001000800410002704000250006808200170009310000250011024500780013526000400021330000210025353400900027470000310036404900090039595201210040499900170052500002522220200930023635.0110211s1976 mx r 000 0 spa d aDO-SdBNPbspacBNPHU axxxxxbS556i1 aShils, Edward94872314aLos intelectuales y el poder /cEdward Shils ; traducción Flora Setaro. aMéxico, D. F. :bDimelisa,c1976. a143 p. ;c20 cm. aTítulo original:tThe intelectuals and the powers,c2a ed. Chicago University, 19741 aSetaro, Flora,etr.947137 aBNGR 001054708MOaGRbGRcCTd2011-02-11iLF1l0oxxxxx S556ip25222-10r2020-06-25w2020-06-25y4ZPréstamo en sala c24715d24715